Medios electrn̤icos en materia fiscal. La eliminacin̤ del papel

Detalles Bibliográficos
Autor principal: Maca̕s Valadez Treviǫ, Francisco Javier
Formato: Libro
Lenguaje:español
Publicado: Mx̌ico Instituto Mexicano de Contadores Pb︢licos 2014
Materias:
Acceso en línea:Acceso restringido

MARC

LEADER 00000nam a22000007a 4500
005 20160121123024.0
007 cr|||| ||u|
008 160121s2014 mx ||||| |||| 00||0 spa d
020 |a 978-607-8331-98-7 
035 |a 13047 
040 |a vLex 
090 |c 5821  |d 5821 
100 1 |a Maca̕s Valadez Treviǫ, Francisco Javier  
245 1 0 |a Medios electrn̤icos en materia fiscal. La eliminacin̤ del papel  |h [Recurso electrn̤ico] /  |c Francisco Javier Maca̕s Valadez Treviǫ 
256 |a Servicio en ln̕ea  
260 |a Mx̌ico   |b Instituto Mexicano de Contadores Pb︢licos  |c 2014 
300 |a 1 recurso electrn̤ico  
500 |a La Academia de Estudios Fiscales de la Contadura̕ Pb︢lica, A.C., realiza estudios, anl̀isis e investigaciones en el r̀ea fiscal; ahora, en colaboracin̤ con el Instituto Mexicano de Contadores Pb︢licos, A.C., presentan la evolucin̤ de este trabajo cuya informacin̤ se encuentra en formato digital, haciendo congruente sus preceptos. Preparado por uno de sus integrantes y Expresidente de esta Academia (2001- 2003), el C.P.C., P.C.FI. y L.C.I. Francisco Maca̕s Valadez Treviǫ, Expresidente del IMCP (2010-2011), desde 2006 nos present ̤la posibilidad de eliminar el papel de los procesos contables, de auditora̕ y fiscales, cumpliendo con las normas y los requisitos, procedimiento que ahora es un hecho, el cual debemos conocer y cumplir. La obra se constituye como una herramienta t︢il de aplicacin̤ prc̀tica en el aprovechamiento de los medios electrn̤icos de informacin̤, para la optimizacin̤ de tiempo y dinero, ofreciendo propuestas y conclusiones para cumplir con los requisitos en materia fiscal. Este es el enfoque de alguien que ha trabajado en pro de la evolucin̤ responsable de la profesin̤, cuya contribucin̤ es reducir el impacto ambiental en nuestro pla 
506 1 |a Contenido solo disponible en los productos indicados  |d vLex Global  |d vLex Global (Academic Edition, excluding Law Schools)  |d vLex Global (U.S. Academic Edition, Law Schools)  |d vLex Global (U.S. Academic Edition, excluding Law Schools)  |d vLex Global (Academic Edition, Law Schools) 
650 0 4 |a Derecho  |z Mx̌ico 
740 0 |a vLex libros (servicio en ln̕ea) 
856 4 0 |u http://vlex.com/source/medios-electronicos-en-materia-fiscal-la-eliminacion-del-papel-13047  |z Acceso restringido  
942 |c BOOK 
999 0 |a Law